Completa il Proverbio - Quiz n°10 - Statistics

Statistiche generali
  • Questo quiz è stato fatto 324 volte
  • Il punteggio medio è 13 su 15
Statistiche sulle risposte
Proverbio Parola mancante % Corretto
Si parla del diavolo e spuntano le _____ Corna
98%
Tutte le strade portano a ____ Roma
98%
Chi non risica, non _____ Rosica
98%
Non c'è due senza __ Tre
98%
Tra moglie e marito non mettere il ___ Dito
96%
Morto un ____ se ne fa un altro Papa
95%
Chi più ne ha più ne _____ Metta
94%
Chi prima arriva meglio _____ Alloggia
93%
Non c'è peggior sordo di chi non vuol ______ Sentire
92%
Si dice il peccato, ma non il _________ Peccatore
90%
La miglior difesa è l'______ Attacco
85%
La madre degli imbecilli è sempre ______ Incinta
85%
Chi semina ____ raccoglie tempesta Vento
83%
Ognuno tira l'acqua al suo _____ Mulino
74%
_____ e buoi dei paesi tuoi Moglie
70%
Nessun quiz corrispondente trovato
Distribuzione punteggi
Percentuale di utenti per punteggio
Percentile per numero di risposta
I tuoi punteggi nel tempo
Non hai fatto questo quiz